Rennes 2020's Starting XI - Statistics

General Stats
  • This quiz has been taken 1,104 times
    20 since last reset
  • The average score is 18 of 50
Answer Stats
Player % Correct
Breel Embolo
76%
Edouard Mendy
71%
Arthur Theate
65%
Adrien Truffert
59%
Amine Gouiri
59%
Amine Gouiri
59%
Brice Samba
59%
Esteban Lepaul
59%
Steve Mandanda
59%
Hamari Traoré
53%
Jeremy Doku
53%
Lovro Majer
53%
Nayef Aguerd
53%
Arnaud Kalimuendo
47%
Eduardo Camavinga
47%
Joe Rodon
47%
Martin Terrier
47%
Alfred Gomis
41%
Gaëtan Laborde
41%
M'Baye Niang
41%
Guela Doué
35%
Jérémy Morel
35%
Musa Al-Taamari
35%
Sehrou Guirassy
35%
Steven Nzonzi
35%
Valentin Rongier
35%
Flavien Tait
29%
Jérémy Jacquet
29%
Leo Skiri Østigård
29%
Quentin Merlin
29%
Raphinha
29%
Baptiste Santamaria
24%
Benjamin Bourigeaud
24%
Birger Meling
24%
Hans Hateboer
24%
Jonas Martin
24%
Ludovic Blas
24%
Warmed Omari
24%
Christopher Wooh
18%
Damien Da Silva
18%
Faitout Maouassa
18%
Jordan James
18%
Lilian Brassier
18%
Lorenz Assignon
18%
Mahdi Camara
18%
Romain Del Castillo
18%
Adrien Hunou
12%
Anthony Rouault
6%
Azor Matusiwa
6%
Enzo Le Fée
6%
No matching quizzes found
Score Distribution
Percent of People with Each Score
Percentile by Number Answered
Your Score History
You have not taken this quiz since the last reset